00532nas a2200241 4500000000100000008004100001260001300042653001000055653002200065653002600087653001200113653001100125653001100136653001100147653001200158653000900170653001500179100001400194245005200208300000900260490000700269022001400276 1972 d c1972 Apr10aAdult10aAniline Compounds10aAnti-Infective Agents10aDapsone10aFemale10aHumans10aImines10aleprosy10aMale10aPhenazines1 aSmith R B00aClofazimine (B663, Geigy) in leprosy reactions. a31-50 v13 a0004-8380